<?xml version="1.0" encoding="UTF-8"?>
<record
    xmlns:xsi="http://www.w3.org/2001/XMLSchema-instance"
    xsi:schemaLocation="http://www.loc.gov/MARC21/slim http://www.loc.gov/standards/marcxml/schema/MARC21slim.xsd"
    xmlns="http://www.loc.gov/MARC21/slim">

  <leader>00813nam a2200301Ia 4500</leader>
  <controlfield tag="003">OSt</controlfield>
  <controlfield tag="005">20241008113857.0</controlfield>
  <controlfield tag="008">210329s9999||||xx |||||||||||||| ||und||</controlfield>
  <datafield tag="020" ind1=" " ind2=" ">
    <subfield code="a">8171304311</subfield>
  </datafield>
  <datafield tag="040" ind1=" " ind2=" ">
    <subfield code="c">STCPL</subfield>
  </datafield>
  <datafield tag="041" ind1=" " ind2=" ">
    <subfield code="a">MAL</subfield>
  </datafield>
  <datafield tag="082" ind1=" " ind2=" ">
    <subfield code="a">920.72</subfield>
    <subfield code="b">AJE-J</subfield>
  </datafield>
  <datafield tag="100" ind1=" " ind2=" ">
    <subfield code="a">Cour, Ajeet </subfield>
    <subfield code="q">&#xD05;&#xD1C;&#xD40;&#xD24;&#xD4D; &#xD15;&#xD4B;&#xD7C;</subfield>
  </datafield>
  <datafield tag="245" ind1=" " ind2="0">
    <subfield code="a">Thaavalamillaathavar /</subfield>
    <subfield code="c">by Ajeet Cour</subfield>
    <subfield code="h">&#xD24;&#xD3E;&#xD35;&#xD33;&#xD2E;&#xD3F;&#xD32;&#xD4D;&#xD32;&#xD3E;&#xD24;&#xD4D;&#xD24;&#xD35;&#xD30;&#xD4D;&#x200D;</subfield>
  </datafield>
  <datafield tag="260" ind1=" " ind2=" ">
    <subfield code="a">Kottayam :</subfield>
    <subfield code="b">DC Books ,</subfield>
    <subfield code="c">1994 .</subfield>
  </datafield>
  <datafield tag="300" ind1=" " ind2=" ">
    <subfield code="a">151 p.</subfield>
    <subfield code="b">PB</subfield>
  </datafield>
  <datafield tag="650" ind1=" " ind2=" ">
    <subfield code="a">Autobiography</subfield>
  </datafield>
  <datafield tag="650" ind1=" " ind2=" ">
    <subfield code="a">Ajeet Cour</subfield>
  </datafield>
  <datafield tag="650" ind1=" " ind2=" ">
    <subfield code="a">Malayalam literature</subfield>
  </datafield>
  <datafield tag="650" ind1=" " ind2=" ">
    <subfield code="a">Malayalam translation</subfield>
  </datafield>
  <datafield tag="650" ind1=" " ind2=" ">
    <subfield code="a">Punjabi writer</subfield>
  </datafield>
  <datafield tag="650" ind1=" " ind2=" ">
    <subfield code="a">Life experiences</subfield>
  </datafield>
  <datafield tag="650" ind1=" " ind2=" ">
    <subfield code="a">Memories</subfield>
  </datafield>
  <datafield tag="700" ind1=" " ind2=" ">
    <subfield code="a">Krishnan Nambiar, V D (tr.)</subfield>
  </datafield>
  <datafield tag="942" ind1=" " ind2=" ">
    <subfield code="c">BK</subfield>
  </datafield>
  <datafield tag="942" ind1=" " ind2=" ">
    <subfield code="2">ddc</subfield>
  </datafield>
  <datafield tag="942" ind1=" " ind2=" ">
    <subfield code="2">ddc</subfield>
  </datafield>
  <datafield tag="999" ind1=" " ind2=" ">
    <subfield code="c">48445</subfield>
    <subfield code="d">48445</subfield>
  </datafield>
  <datafield tag="952" ind1=" " ind2=" ">
    <subfield code="0">0</subfield>
    <subfield code="1">0</subfield>
    <subfield code="2">ddc</subfield>
    <subfield code="4">0</subfield>
    <subfield code="8">MAL</subfield>
    <subfield code="7">0</subfield>
    <subfield code="a">STCPL</subfield>
    <subfield code="b">STCPL</subfield>
    <subfield code="c">MAL</subfield>
    <subfield code="d">2021-07-10</subfield>
    <subfield code="g">50.00</subfield>
    <subfield code="l">2</subfield>
    <subfield code="o">920.72  AJE-T</subfield>
    <subfield code="p">62936</subfield>
    <subfield code="r">2023-02-27 00:00:00</subfield>
    <subfield code="s">2023-02-22</subfield>
    <subfield code="w">2021-07-10</subfield>
    <subfield code="y">BK</subfield>
  </datafield>
</record>
